Score 0/15 Timer 03:00
0 Plays Today
Scramble Answer % Correct
AAWOKE
90.4%
AAXIOM
90.3%
OOZONE
89.2%
EEJECT
88.7%
AAZURE
86.6%
EEMPTY
86.1%
EEXTOL
81.1%
IIDAHO
80.5%
Scramble Answer % Correct
IICING
75.5%
OOBESE
74.6%
OOXBOW
71.5%
UUTTER
65.8%
IILIUM
59.4%
UUSURY
54.6%
UUMIAK
21.4%
Remove Ads.
Support Sporcle.
Get the best of Sporcle when you Go Orange. This ad-free experience offers more features, more stats, and more fun while also helping to support Sporcle. Thank you for becoming a member.

You're not logged in!

Compare scores with friends on all Sporcle quizzes.
OR
Log In

Show Comments

Extras

Top Quizzes Today


Score Distribution

Your Account Isn't Verified!

In order to create a playlist on Sporcle, you need to verify the email address you used during registration. Go to your Sporcle Settings to finish the process.

Report this User

Report this user for behavior that violates our Community Guidelines.

Details: